| 000 | 01435nam a22002537a 4500 | ||
|---|---|---|---|
| 003 | OSt | ||
| 005 | 20260619221130.0 | ||
| 008 | 160701b xxu||||| |||| 00| 0 esp d | ||
| 040 |
_cDO-SdBJH _aDO-SdBJH _bspa |
||
| 090 |
_aCT MA-SDN 0015 _bEGAEE 2011 |
||
| 100 | 1 |
_aMateo Vásquez, Victor Eddy _esustentante |
|
| 245 | 1 | 0 |
_aLa deserción escolar en el sector público del Comando Conjunto Sur y su impacto social 2005-2009 / _cVictor Eddy Mateo Vásquez, asesor Kedmay Klinger |
| 260 |
_aSanto Domingo : _bINSUDE, _c2011 |
||
| 300 | _axiv, 81 páginas, ilustraciones-encuestas | ||
| 502 | _aTesis (Maestría en Defensa y Seguridad Nacional). -- Instituto Superior para la Defensa (INSUDE). Escuela de Graduados de Altos Estudios Estratégico, 2011 | ||
| 504 | _aIncluye referencias bibliográficas e índices | ||
| 505 | _aAntecedentes de la deserción escolar. -- La deserción escolar en la República Dominicana. -- La deserción escolar en el Comando Conjunto Sur; causas y efectos de la deserción escolar del sector público en el Comando Conjunto Sur y su impacto social. | ||
| 650 | _adeserción escolar -- Región Sur -- República Dominica | ||
| 650 | 4 | _aImpacto social y económico -- Efecto nacional | |
| 650 | 4 | _adeserción-escuelas públicas | |
| 700 | 1 |
_aKlinger, Kedmay _easesor |
|
| 830 | _aINSUDE. Escuela de Graduados de Altos Estudios Estratégico. Tesis y disertaciones académicas | ||
| 942 |
_2CL _cT |
||
| 999 |
_c614 _d614 |
||